Principles of genetics

Uloženo v:
Podrobná bibliografie
Hlavní autor: Robert H. Tamarin
Médium: Kniha
Jazyk:Undetermined
Vydáno: New Dehli, India Tata McGraw-Hill 2002
Témata:
Tagy: Přidat tag
Žádné tagy, Buďte první, kdo otaguje tento záznam!
Thư viện lưu trữ: Trung tâm Học liệu Trường Đại học Cần Thơ
LEADER 00491nam a2200193Ia 4500
001 CTU_57387
008 210402s9999 xx 000 0 und d
020 |b 3135000 
082 |a 576.5 
082 |b T153 
100 |a Robert H. Tamarin 
245 0 |a Principles of genetics 
245 0 |c Robert H. Tamarin 
260 |a New Dehli, India 
260 |b Tata McGraw-Hill 
260 |c 2002 
650 |a genetics 
904 |i Minh 
980 |a Trung tâm Học liệu Trường Đại học Cần Thơ